000
00231nam a2200097Ia 4500
008
120527s9999 xx 000 0 und d
100
_a
LAWAL, M.I.
245
_a
Estate development practice in Nigeria
260
_b
ILCO
942
_c
BK
999
_c
25048
_d
25048